แสดงรายละเอียดบรรณานุกรม
  กลับหน้าหลัก

Brief Record : Get Marc (ISO 2709) : E-mail record : QR code ปิดหน้าต่าง
หนังสืออ้างอิง : เกี่ยวกับ Collections
LEADER 00000nama 2200000uu 4500
008    040531s2528 th m m a000 0 tha d
020    974-795-080-4
041    tha
050    JQ1745.A9 ก218ค 2528
100    กระทรวงสาธารณสุข. สำนักงานปลัดกระทรวง
245    คู่มือการดำเนินการทางวินัย / สำนักงานปลัดกระทรวง กระทรวงสาธารณสุข 001
250    2
260    นนทบุรี กระทรวง 2528
300    199 หน้า
650    ข้าราชการพลเรือน - กฏระเบียบและข้อบังคับ ข้าราชการพลเรือน - วินัย
998    1999-08-25
999    ^aใช้งานได้ทุกระบบ
รายการนี้ยังไม่มีแท็ก
คุณยังไม่ได้ล็อกอิน คุณสามารถมีกิจกรรมร่วมกับเว็บไซต์ได้ แต่ต้องล็อกอินก่อน ::
  ล็อกอิน
ลำดับที่ ประเภท เลขเรียก สถานที่ สถานะ
1. หนังสืออ้างอิง
หนังสืออ้างอิง
อ JQ1745.A9 ค125ค 2518 2528  
  
ชั้นหนังสืออ้างอิง On Shelf
   [แสดง 1/1 รายการ]

รายการใกล้เคียง
    ผู้แต่ง [กระทรวงสาธารณสุข. สำนักงานปลัดกระทรวง]

BibComment


ยังไม่เคยถูกคอมเมนท์

คอมเมนท์ทรัพยากรรายการนี้
  คอมเมนท์: คู่มือการดำเนินกา..
Bib 181768

 
 
 

 Union Library Management : ULibM
Copyright 2026. All Rights Reserved.
скачать бесплатно без регистрации порно красивый секс HD Sex Hindi sex

xxx gou

xxxx

bfxxx

xxxwww

Секса Видео

xxxx

Секса Видео

detube

geilexxx

C99 Shell

worms shell

blod xxx video
Ebony Coed Rihanna Rimes Takes A Dick In Her Young Twat priyaa indian fuck anal and pusssy hardcore indian women xxx desi hardcore fucking part 1 bengalixxxcouple